The Surface Chemistry of Natural Particles (Record no. 6312)

MARC details
000 -LEADER
fixed length control field 00560nam a22002057a 4500
003 - CONTROL NUMBER IDENTIFIER
control field OSt
005 - DATE AND TIME OF LATEST TRANSACTION
control field 20190912124356.0
008 - FIXED-LENGTH DATA ELEMENTS--GENERAL INFORMATION
fixed length control field 190912b ||||| |||| 00| 0 eng d
020 ## - INTERNATIONAL STANDARD BOOK NUMBER
International Standard Book Number 9780195117806
040 ## - CATALOGING SOURCE
Transcribing agency DDC
082 ## - DEWEY DECIMAL CLASSIFICATION NUMBER
Classification number 541.3 SPO 2004
100 ## - MAIN ENTRY--PERSONAL NAME
Personal name Sposito, Garrison
9 (RLIN) 12932
245 ## - TITLE STATEMENT
Title The Surface Chemistry of Natural Particles
260 ## - PUBLICATION, DISTRIBUTION, ETC. (IMPRINT)
Place of publication, distribution, etc. Oxford University Press
Date of publication, distribution, etc. 2004
300 ## - PHYSICAL DESCRIPTION
Extent x,242p;
Other physical details ill:
Dimensions 24cm
504 ## - BIBLIOGRAPHY, ETC. NOTE
Bibliography, etc Notes, & index included
650 ## - SUBJECT ADDED ENTRY--TOPICAL TERM
Topical term or geographic name as entry element Surface chemistry
9 (RLIN) 12933
650 ## - SUBJECT ADDED ENTRY--TOPICAL TERM
Topical term or geographic name as entry element Natural particles
9 (RLIN) 12934
942 ## - ADDED ENTRY ELEMENTS (KOHA)
Source of classification or shelving scheme Other/Generic Classification Scheme
Koha item type Book
Holdings
Withdrawn status Lost status Source of classification or shelving scheme Damaged status Not for loan Home library Current library Date acquired Source of acquisition Inventory number Total Checkouts Full call number Barcode Date last seen Koha item type
    Dewey Decimal Classification     MUST Main Library MUST Main Library 12/09/2019 Purchase 19/40941   541.3 SPO 2004 2019-0423 12/09/2019 Open Shelf
    Dewey Decimal Classification     MUST Main Library MUST Main Library 12/09/2019 Purchase 19/40942   541.3 SPO 2004 2019-0424 12/09/2019 Open Shelf
    Dewey Decimal Classification     MUST Main Library MUST Main Library 12/09/2019 Purchase 19/40943   541.3 SPO 2004 2019-0425 12/09/2019 Open Shelf